Využitie viacrozmerných štatistických metód v demografii
Využitie viacrozmerných štatistických metód na podrobnú analýzu a získanie detailného obrazu o demografickom stave krajín. Pri praktickej aplikácií vybraných metód boli použité: metóda hlavných komponentov a zhluková analýza.
Saved in:
| Main Author: | |
|---|---|
| Format: | Book Chapter |
| Language: | Slovak |
| Subjects: | |
| Tags: |
No Tags, Be the first to tag this record!
|
MARC
| LEADER | 00000nla a2200000 4500 | ||
|---|---|---|---|
| 001 | 0164366 | ||
| 005 | 20240502072852.2 | ||
| 041 | 0 | |a slo | |
| 044 | |a SK | ||
| 245 | 1 | 0 | |a Využitie viacrozmerných štatistických metód v demografii |c Zuzana Sarvašová |
| 520 | |a Využitie viacrozmerných štatistických metód na podrobnú analýzu a získanie detailného obrazu o demografickom stave krajín. Pri praktickej aplikácií vybraných metód boli použité: metóda hlavných komponentov a zhluková analýza. | ||
| 610 | 2 | 0 | |a metódy štatistické |
| 610 | 2 | 0 | |a demografia |
| 610 | 2 | 0 | |a analýza zhluková |
| 610 | 2 | 0 | |a analýza štatistická viacrozmerná |
| 610 | 2 | 0 | |a matice |
| 610 | 2 | 0 | |a Európska únia |
| 610 | 2 | 0 | |a pôrodnosť |
| 610 | 2 | 0 | |a úmrtnosť |
| 100 | 1 | |a Sarvašová, Zuzana | |